| 000 | 00000nam##2200000za#4500 |
| 001 | 9.614333 |
| 003 | CaOODSP |
| 005 | 20230131161134 |
| 007 | ta |
| 008 | 150406|1998||||xxc||||| f|0| 0 eng|d |
| 020 | |a0-660-17464-2 |
| 040 | |aCaOODSP|beng |
| 043 | |an-cn--- |
| 086 | 1 |aM41-8/64E |
| 110 | 2 |aGeological Survey of Canada. |
| 245 | 10|aLiving with frozen ground : |ba field guide to permafrost in Yellowknife, Northwest Territories / |cEdited by Stephen A. Wolfe. |
| 260 | |aOttawa - Ontario : |bNatural Resources Canada. |c1998. |
| 300 | |a71p. : |bfigs., illus., maps, references ; |c28 cm. |
| 490 | 1 |aMiscellaneous report|v64 |
| 500 | |a"This guidebook describes some of challenges to development that permafrost, or frozen ground, presents to the City of Yellowknife."--Page 1. |
| 520 | 3 |aThis guidebook describes some of challenges to development that permafrost, or frozen ground, presents to the City of Yellowknife.--Page 1 |
| 546 | |aRésumé en français |
| 563 | |aSpiral binding |
| 590 | |a98-23|b1998-06-05 |
| 720 | 1 |aWolfe, Stephen A. |
| 830 | #0|aMiscellaneous report (Geological Survey of Canada)|v64|w(CaOODSP)9.514767 |